000 00623nam a2200217Ia 4500
003 OSt
005 20250917110304.0
008 210719s1982 xx 000 0 und d
040 _cAL
041 _aTulu
082 _aT894.2 RAVP
100 _aRAV (P S)
_dರಾವ್ (ಪಿ ಎಸ್)
_9239053
245 _aPanande padrad
_bಪನಂದೆ ಪದ್ರಾಡ್
260 _aMangaluru
_bSahodara Kala Vranda.,
_c1982
300 _a53
_bPB
365 _b4
_cRs
650 _aTulu Drama
_9239054
650 _a Samasyatmaka nataka
_9239055
906 _anataka ; padrad ; Panande ; Samasyatmaka
942 _2ddc
_cBK
999 _c214656
_d214656